Т. 48, № 5; Известия Российской академии наук. Физика атмосферы и океана

Bibliographic Details
Parent link:Известия Российской академии наук. Физика атмосферы и океана: научный журнал/ Российская академия наук (РАН). Т. 48, № 5.— , 1992-.— 0002-3515
Language:Russian
Published: 2012
Format: MixedMaterials Book
KOHA link:https://koha.lib.tpu.ru/cgi-bin/koha/opac-detail.pl?biblionumber=491285

MARC

LEADER 00000nam2a2200000 4500
001 491285
005 20231101095917.0
035 |a (RuTPU)RU\TPU\prd\160235 
090 |a 491285 
100 |a 20121123a20129999k y0rusy50 ca 
101 0 |a rus 
102 |a RU 
200 0 |a Т. 48, № 5 
210 |d 2012 
461 1 |0 (RuTPU)RU\TPU\prd\2019  |x 0002-3515  |t Известия Российской академии наук. Физика атмосферы и океана  |o научный журнал  |f Российская академия наук (РАН)  |v Т. 48, № 5  |d 1992- 
801 0 |a RU  |b 63413507  |c 20010227  |g PSBO 
801 1 |a RU  |b 63413507  |c 20121123 
801 2 |a RU  |b 63413507  |c 20201105  |g RCR 
942 |c BK 
999 |a НТБ_ТПУ  |b НФ  |e -1/20120110  |p П-701м  |s 3/20120425  |u 0,00  |v 1